| 000 | 00438nam a2200157 a 4500 | ||
|---|---|---|---|
| 001 | 000048947 | ||
| 005 | 20201002061531.0 | ||
| 008 | 190507s2017 dr r 000 0 spa d | ||
| 020 | _a9789945906530 | ||
| 040 |
_aDO-SdBNP _bspa _cBNPHU |
||
| 082 |
_axxxx _bxxxx |
||
| 100 | 1 |
_aBretón, Rosaura _976381 |
|
| 245 | 1 | 0 |
_aLucecitas del rocío / _cRosaura Bretón. |
| 260 |
_aSanto Domingo : _bLetra Erguida, _c2017. |
||
| 300 |
_a107 p. ; _c15 cm. |
||
| 999 |
_c48435 _d48435 |
||